| 000 | 00834nam a2200313Ia 4500 | ||
|---|---|---|---|
| 008 | 171025s9999 xx 000 0 und d | ||
| 020 | _a761304401 | ||
| 050 | _a745.5 | ||
| 050 | _bR824 1998 | ||
| 100 | _aRoss, Kathy | ||
| 245 | _aCrafts : | ||
| 245 | _bfor kids who are wild about the wild / | ||
| 245 | _cby Kathy Ross ; illustrated by Sharon Lane Holm. | ||
| 260 | _aBrookfield, Connecticut : | ||
| 260 | _bMillbrook Press, | ||
| 260 | _c1998 | ||
| 300 | _a176 pages : | ||
| 300 | _bchiefly colored ; | ||
| 300 | _c21cm. | ||
| 500 | _aIncludes index. | ||
| 650 | _aAnimals in art -- | ||
| 650 | _aHandicraft -- | ||
| 650 | _aPlant in art -- | ||
| 650 | _xJuvenile literature. | ||
| 650 | _xJuvenile literature. | ||
| 650 | _xJuvenile literature. | ||
| 700 | _aHolm, Sharon Lane. | ||
| 700 | _aTitle. | ||
| 999 |
_c344615 _d344615 |
||